[Event "Rheinland Pfalz Seniors op"]
[Site "Altenkirchen"]
[Date "2023.09.11"]
[Round "7"]
[White "Hirstel, Serge"]
[Black "Petri, Wolfgang"]
[Result "1/2-1/2"]
[WhiteElo "1777"]
[BlackElo "1979"]
[PlyCount "63"]
[EventDate "2023.09.05"]
[EventType "swiss"]
[EventRounds "9"]
[EventCountry "GER"]
[SourceTitle "EXT 2024"]
[Source "ChessBase"]
[SourceDate "2023.10.10"]
[SourceVersion "1"]
[SourceVersionDate "2023.10.10"]
[SourceQuality "1"]

1. e4 b6 2. d4 Bb7 3. Nc3 e6 4. Bd3 Bb4 5. Bd2 f5 6. Qe2 Nf6 7. Bg5 h6 8. Bxf6 Qxf6 9. Nf3 fxe4 10. Bxe4 Nc6 11. Qd3 0-0-0 12. a3 Bxc3+ 13. Qxc3 g5 14. h3 Rhf8 15. 0-0-0 h5 16. Rd2 d5 17. Bd3 g4 18. hxg4 hxg4 19. Ne5 Nxe5 20. dxe5 Qg5 21. Qd4 Rh8 22. Re1 c5 23. Qe3 Rdg8 24. c3 Rh2 25. Qg3 Rgh8 26. f4 Qh4 27. Qxh4 R2xh4 28. f5 Kd7 29. fxe6+ Kxe6 30. Rf2 R8h6 31. Bf5+ Ke7 32. g3 1/2-1/2

[Event "Rheinland Pfalz Seniors op"]
[Site "Altenkirchen"]
[Date "2023.09.08"]
[Round "4"]
[White "Judt, Gerhard"]
[Black "Hirstel, Serge"]
[Result "0-1"]
[WhiteElo "1521"]
[BlackElo "1777"]
[PlyCount "80"]
[EventDate "2023.09.05"]
[EventType "swiss"]
[EventRounds "9"]
[EventCountry "GER"]
[SourceTitle "EXT 2024"]
[Source "ChessBase"]
[SourceDate "2023.10.10"]
[SourceVersion "1"]
[SourceVersionDate "2023.10.10"]
[SourceQuality "1"]

1. c4 c6 2. Nc3 d5 3. cxd5 cxd5 4. d4 Nf6 5. e3 e6 6. Nf3 a6 7. Bd3 Be7 8. 0-0 b5 9. b3 Bb7 10. Bb2 Nbd7 11. a4 b4 12. Ne2 0-0 13. Qb1 Ne4 14. Bxe4 dxe4 15. Nd2 Nf6 16. Ng3 Qd5 17. Nc4 Nd7 18. Rd1 Rfd8 19. Ne2 g5 20. a5 Bc6 21. Ng3 Rab8 22. Qc2 f5 23. Ne5 Bb5 24. Rd2 Nxe5 25. Qc7 Ng6 26. Qc2 Rdc8 27. Qd1 Rc7 28. Rc1 Rbc8 29. Rxc7 Rxc7 30. Ne2 Bf6 31. Ng3 Nh4 32. Nh5 Bh8 33. Ng3 Be8 34. Kf1 Bf7 35. Ne2 Bh5 36. Ba1 Qxa5 37. Qb1 Qb5 38. Ke1 Nxg2+ 39. Kf1 Nh4 40. Ke1 Nf3+ 0-1

[Event "Rottach Egern Seniors Cup 10th"]
[Site "Rottach Egern"]
[Date "2022.04.01"]
[Round "7"]
[White "Haserodt, Jan"]
[Black "Hirstel, Serge"]
[Result "1-0"]
[WhiteElo "2004"]
[BlackElo "1828"]
[PlyCount "99"]
[EventDate "2022.03.26"]
[EventType "swiss"]
[EventRounds "9"]
[EventCountry "GER"]
[SourceTitle "CBM 207 Extra"]
[Source "ChessBase"]
[SourceDate "2022.05.31"]
[SourceVersion "1"]
[SourceVersionDate "2022.05.31"]
[SourceQuality "1"]

1. e4 e5 2. Nf3 Nf6 3. Nc3 Bb4 4. Nxe5 0-0 5. Nd3 Bxc3 6. dxc3 Nxe4 7. Be2 d6 8. 0-0 Nc6 9. f3 Nf6 10. Nf4 h6 11. c4 Bf5 12. Rf2 Re8 13. Bf1 Qd7 14. b3 b6 15. Bb2 Ne5 16. Qd2 Qc6 17. Rd1 a5 18. a4 Qb7 19. Ne2 Bg6 20. Ng3 Rad8 21. Re2 Ned7 22. Rde1 Qa8 23. Rxe8+ Rxe8 24. Kf2 Rxe1 25. Kxe1 Qe8+ 26. Kd1 Qe7 27. Ne2 Nc5 28. Nf4 Bh7 29. Qe2 Qxe2+ 30. Bxe2 Ne8 31. Nd5 Kf8 32. Kd2 f6 33. Bd1 Bg8 34. Bd4 Bxd5 35. cxd5 Kf7 36. Be2 g6 37. Bb5 Ng7 38. Kc3 Ke7 39. Kc4 Nf5 40. Bf2 Nd7 41. Bxd7 Kxd7 42. c3 Ne7 43. Bd4 f5 44. Bg7 h5 45. Bf6 Nc8 46. Kb5 c6+ 47. dxc6+ Kc7 48. Bd4 d5 49. Be5+ Kd8 50. Ka6 1-0

[Event "Arco op 43rd"]
[Site "Arco"]
[Date "2021.10.17"]
[Round "9"]
[White "Aeschbacher, Dimitri"]
[Black "Hirstel, Serge"]
[Result "1-0"]
[WhiteElo "1617"]
[BlackElo "1808"]
[PlyCount "69"]
[EventDate "2021.10.09"]
[EventType "swiss"]
[EventRounds "9"]
[EventCountry "ITA"]
[SourceTitle "EXT 2023"]
[Source "ChessBase"]
[SourceDate "2022.10.05"]
[SourceVersion "1"]
[SourceVersionDate "2022.10.05"]
[SourceQuality "1"]

1. e4 e5 2. Nf3 Nf6 3. Nxe5 d6 4. Nf3 Nxe4 5. Nc3 Nxc3 6. dxc3 Be7 7. Be3 Nc6 8. Qd2 Be6 9. 0-0-0 Bxa2 10. b3 a5 11. Kb2 a4 12. Kxa2 axb3+ 13. Kxb3 Ra5 14. Kb2 Qa8 15. Rb1 Ra2+ 16. Kc1 Ra1 17. Qe1 Rxb1+ 18. Kxb1 0-0 19. Bd3 Bf6 20. Kb2 Qa5 21. Bd4 Nxd4 22. cxd4 Qb6+ 23. Kc1 Ra8 24. Qc3 c5 25. Qb2 Qc7 26. Re1 c4 27. Qa2 Rc8 28. Qxc4 Qd8 29. Qb5 b6 30. Be4 g6 31. Bb7 Rb8 32. Bc6 Qc7 33. Bd5 Kg7 34. Kd2 Rc8 35. c4 1-0

[Event "Arco op 43rd"]
[Site "Arco"]
[Date "2021.10.12"]
[Round "4"]
[White "Knors, Rudi"]
[Black "Hirstel, Serge"]
[Result "1/2-1/2"]
[WhiteElo "2072"]
[BlackElo "1808"]
[PlyCount "73"]
[EventDate "2021.10.09"]
[EventType "swiss"]
[EventRounds "9"]
[EventCountry "ITA"]
[SourceTitle "CBM 204 Extra"]
[Source "ChessBase"]
[SourceDate "2021.11.30"]
[SourceVersion "1"]
[SourceVersionDate "2021.11.30"]
[SourceQuality "1"]

1. e4 e5 2. Nf3 Nf6 3. Nxe5 d6 4. Nf3 Nxe4 5. d4 d5 6. Bd3 Be7 7. 0-0 Nc6 8. Re1 Bg4 9. c3 f5 10. Nbd2 0-0 11. Qb3 Rf6 12. Ne5 Nxe5 13. dxe5 Rb6 14. Qc2 Bc5 15. Nxe4 fxe4 16. Bf1 Rg6 17. c4 d4 18. Qxe4 Bb4 19. Bf4 Bxe1 20. Rxe1 c6 21. Bd3 Qb6 22. c5 Qxc5 23. Rc1 Qb6 24. Qe1 Re6 25. Bc4 Kh8 26. Bxe6 Bxe6 27. b3 a5 28. Qd2 Re8 29. h4 h5 30. Bg5 Qc7 31. Qc2 Qf7 32. f3 b6 33. Qd2 Qf5 34. Re1 Rc8 35. Qe2 Qf7 36. Qd2 Qf5 37. Qe2 1/2-1/2

[Event "Bad Wiessee Senioren Cup 8th"]
[Site "Bad Wiessee"]
[Date "2019.05.16"]
[Round "6"]
[White "Teichmeister, Sven"]
[Black "Hirstel, Serge"]
[Result "1/2-1/2"]
[WhiteElo "1956"]
[BlackElo "1822"]
[PlyCount "54"]
[EventDate "2019.05.11"]
[EventType "swiss"]
[EventRounds "9"]
[EventCountry "GER"]
[SourceTitle "EXT 2020"]
[Source "ChessBase"]
[SourceDate "2019.10.17"]
[SourceVersion "1"]
[SourceVersionDate "2019.10.17"]
[SourceQuality "1"]

1. d4 d5 2. Nf3 e6 3. e3 Bd6 4. Bd3 f5 5. 0-0 Nf6 6. c4 c6 7. b3 Qe7 8. Bb2 0-0 9. Nbd2 Ne4 10. Ne5 b6 11. f3 Nxd2 12. Qxd2 Bb7 13. Rac1 Nd7 14. Nxd7 Qxd7 15. e4 c5 16. cxd5 exd5 17. e5 Be7 18. f4 Qe6 19. Be2 Rac8 20. Bf3 Kh8 21. Rfd1 cxd4 22. Bxd4 Rxc1 23. Rxc1 Rc8 24. Kf2 Kg8 25. Rxc8+ Qxc8 26. Qc3 Qxc3 27. Bxc3 Bc5+ 1/2-1/2

[Event "Rhein Main op-A 18th"]
[Site "Bad Homburg"]
[Date "2015.06.05"]
[Round "4"]
[White "Hirstel, Serge"]
[Black "Biegel, Thomas"]
[Result "0-1"]
[WhiteElo "1899"]
[BlackElo "2053"]
[PlyCount "30"]
[EventDate "2015.06.03"]
[EventType "swiss"]
[EventRounds "7"]
[EventCountry "GER"]
[SourceTitle "CBM 167 Extra"]
[Source "ChessBase"]
[SourceDate "2015.09.14"]
[SourceVersion "1"]
[SourceVersionDate "2015.09.14"]
[SourceQuality "1"]

1. e4 g6 2. d4 d6 3. Nf3 Bg7 4. Nc3 a6 5. a4 b6 6. Be3 Bb7 7. Qd2 Nd7 8. Bc4 c6 9. 0-0 e6 10. Rfe1 Qc7 11. d5 cxd5 12. Bxd5 Bxc3 13. bxc3 exd5 14. exd5 0-0-0 15. Bd4 f6 0-1

[Event "Rhein Main op-A 18th"]
[Site "Bad Homburg"]
[Date "2015.06.04"]
[Round "2"]
[White "Ochmann, Reimund"]
[Black "Hirstel, Serge"]
[Result "0-1"]
[WhiteElo "2097"]
[BlackElo "1899"]
[PlyCount "156"]
[EventDate "2015.06.03"]
[EventType "swiss"]
[EventRounds "7"]
[EventCountry "GER"]
[SourceTitle "CBM 167 Extra"]
[Source "ChessBase"]
[SourceDate "2015.09.14"]
[SourceVersion "1"]
[SourceVersionDate "2015.09.14"]
[SourceQuality "1"]

1. e4 e5 2. Nc3 Nf6 3. f4 d5 4. fxe5 Nxe4 5. Nf3 Be7 6. Qe2 Nc5 7. d4 Ne6 8. Be3 c6 9. 0-0-0 b5 10. Qd2 a5 11. Ne2 b4 12. Nf4 a4 13. Nxe6 Bxe6 14. Bg5 h6 15. Bxe7 Qxe7 16. Bd3 Nd7 17. Rhg1 b3 18. cxb3 a3 19. g4 axb2+ 20. Qxb2 c5 21. dxc5 Qxc5+ 22. Kb1 0-0 23. g5 h5 24. g6 f6 25. Nd4 Qb6 26. Nxe6 Qxe6 27. exf6 Nxf6 28. Rde1 Qb6 29. Rg5 Rae8 30. Rge5 Rxe5 31. Qxe5 Qf2 32. Re2 Qf1+ 33. Kb2 Qg1 34. Bf5 Kh8 35. h3 Ra8 36. a4 Qb6 37. Bc2 Qb4 38. Ka2 Rb8 39. Qe7 Qc3 40. Qe5 Qb4 41. Rf2 Re8 42. Qg5 Qc3 43. Bd1 Qd4 44. Rd2 Qc3 45. Qg2 Rb8 46. Bc2 Qb4 47. Qg5 Qc3 48. h4 Re8 49. Qg2 Rb8 50. Qe2 Qb4 51. Qe5 Re8 52. Qd4 Qb8 53. Rf2 Qc7 54. Kb2 Rc8 55. Bf5 Qc1+ 56. Ka2 Re8 57. Bb1 Qc6 58. Qb4 Qe6 59. Rc2 Qe3 60. a5 Ne4 61. Qb6 Nc3+ 62. Kb2 d4 63. a6 Re6 64. a7 Na4+ 65. bxa4 Rxb6+ 66. Ka1 Qe8 67. Rc4 Ra6 68. Bc2 Rxa7 69. Ka2 Qd8 70. Rc5 Ra5 71. Rc4 Re5 72. Bd3 Re3 73. Bf5 Rc3 74. Rb4 d3 75. Rb5 d2 76. Be6 d1Q 77. Bb3 Qxb3+ 78. Rxb3 Qd5 0-1

[Event "Bayern-chI Bank Hofmann 18th"]
[Site "Bad Wiessee"]
[Date "2014.10.25"]
[Round "1"]
[White "Piorun, Kacper"]
[Black "Hirstel, Serge"]
[Result "1-0"]
[WhiteElo "2532"]
[BlackElo "1915"]
[PlyCount "49"]
[EventDate "2014.10.25"]
[EventType "swiss"]
[EventRounds "9"]
[EventCountry "GER"]
[SourceTitle "EXT 2015"]
[Source "ChessBase"]
[SourceDate "2014.11.20"]
[SourceVersion "1"]
[SourceVersionDate "2014.11.20"]
[SourceQuality "1"]

1. c4 e6 2. Nf3 d5 3. g3 Nf6 4. Bg2 Be7 5. 0-0 0-0 6. b3 c5 7. e3 Nc6 8. Bb2 Qc7 9. Nc3 Rd8 10. cxd5 exd5 11. d4 Bg4 12. h3 Bh5 13. Ne2 Bg6 14. dxc5 Bxc5 15. Rc1 Qe7 16. Bxf6 gxf6 17. Nfd4 Nxd4 18. exd4 Ba3 19. Rc3 Qd7 20. Re3 Bf5 21. Nf4 Be6 22. Rfe1 Rac8 23. Nxe6 fxe6 24. Qg4+ Qg7 25. Qxe6+ 1-0

[Event "Berlin Lichtenberger op 13th"]
[Site "Berlin"]
[Date "2014.08.22"]
[Round "7"]
[White "Hirstel, Serge"]
[Black "Wolff, Marie Antoinette"]
[Result "1/2-1/2"]
[WhiteElo "1910"]
[BlackElo "1707"]
[PlyCount "45"]
[EventDate "2014.08.16"]
[EventType "swiss"]
[EventRounds "9"]
[EventCountry "GER"]
[SourceTitle "CBM 161 Extra"]
[Source "ChessBase"]
[SourceDate "2014.08.29"]
[SourceVersion "1"]
[SourceVersionDate "2014.08.29"]
[SourceQuality "1"]

1. e4 c5 2. Nf3 Nc6 3. Bb5 d6 4. 0-0 Nf6 5. Re1 Bd7 6. c3 g6 7. d4 cxd4 8. cxd4 Rc8 9. Nc3 Bg7 10. h3 0-0 11. Be3 a6 12. Bd3 b5 13. a3 Na5 14. Rc1 Nc4 15. Qe2 Nxe3 16. Qxe3 e6 17. e5 Ne8 18. Ne4 Bc6 19. Rc2 Bb7 20. Rec1 dxe5 21. dxe5 Rxc2 22. Rxc2 Nc7 23. Qe2 1/2-1/2

[Event "Berlin Lichtenberger op 13th"]
[Site "Berlin"]
[Date "2014.08.18"]
[Round "3"]
[White "Hirstel, Serge"]
[Black "Kapr, Klaus"]
[Result "1/2-1/2"]
[WhiteElo "1910"]
[BlackElo "2069"]
[PlyCount "33"]
[EventDate "2014.08.16"]
[EventType "swiss"]
[EventRounds "9"]
[EventCountry "GER"]
[SourceTitle "CBM 161 Extra"]
[Source "ChessBase"]
[SourceDate "2014.08.29"]
[SourceVersion "1"]
[SourceVersionDate "2014.08.29"]
[SourceQuality "1"]

1. e4 d5 2. exd5 Qxd5 3. Nc3 Qd6 4. Nf3 Nf6 5. Bc4 a6 6. 0-0 b5 7. Bb3 Bb7 8. d3 e6 9. Bg5 Be7 10. Re1 Nbd7 11. Qe2 0-0 12. Rad1 Rfe8 13. a3 Rad8 14. Ne4 Qb6 15. Nxf6+ Bxf6 16. Bxf6 Nxf6 17. Ne5 1/2-1/2

[Event "Berlin Lichtenberger op 13th"]
[Site "Berlin"]
[Date "2014.08.17"]
[Round "2"]
[White "Lange, Cecilia"]
[Black "Hirstel, Serge"]
[Result "0-1"]
[WhiteElo "1553"]
[BlackElo "1910"]
[PlyCount "102"]
[EventDate "2014.08.16"]
[EventType "swiss"]
[EventRounds "9"]
[EventCountry "GER"]
[SourceTitle "CBM 161 Extra"]
[Source "ChessBase"]
[SourceDate "2014.08.29"]
[SourceVersion "1"]
[SourceVersionDate "2014.08.29"]
[SourceQuality "1"]

1. e4 e5 2. Nf3 Nf6 3. d4 Nxe4 4. Bd3 d5 5. Nxe5 Nd7 6. Nxd7 Bxd7 7. 0-0 Be7 8. c4 c6 9. Nc3 Nxc3 10. bxc3 dxc4 11. Bxc4 0-0 12. Be3 Qc8 13. Bd3 Bf5 14. Rb1 b6 15. Qc2 Bxd3 16. Qxd3 Qc7 17. Rb3 Rad8 18. Qc2 c5 19. dxc5 Bxc5 20. Bxc5 Qxc5 21. Rd1 Rfe8 22. Rxd8 Rxd8 23. c4 Rc8 24. Re3 h6 25. h3 b5 26. Rc3 bxc4 27. Qe2 Qd4 28. Qe3 Qxe3 29. Rxe3 f5 30. Rc3 Kf7 31. Kf1 Ke6 32. Ke2 Kd5 33. Kd2 Kd4 34. Kc2 Re8 35. Rf3 Re2+ 36. Kb1 g6 37. Rf4+ Kc3 38. Rf3+ Kd2 39. Kb2 Ke1+ 40. Kc3 Rxa2 41. Kxc4 Rxf2 42. Rg3 g5 43. Re3+ Re2 44. Rf3 f4 45. Rd3 Rxg2 46. Rd6 h5 47. Rh6 f3 48. Re6+ Re2 49. Rxe2+ Kxe2 50. Kb5 f2 51. Ka6 f1Q 0-1

[Event "Marianske Lazne op"]
[Site "Marianske Lazne"]
[Date "2011.01.18"]
[Round "5"]
[White "Hirstel, Serge"]
[Black "Niering, Martin"]
[Result "0-1"]
[WhiteElo "1946"]
[BlackElo "2165"]
[PlyCount "52"]
[EventDate "2011.01.15"]
[EventType "swiss"]
[EventRounds "9"]
[EventCountry "CZE"]
[SourceTitle "CBM 140 Extra"]
[Source "ChessBase"]
[SourceDate "2011.03.01"]
[SourceVersion "1"]
[SourceVersionDate "2011.03.01"]
[SourceQuality "1"]

1. e4 c5 2. c3 Nf6 3. e5 Nd5 4. d4 cxd4 5. Nf3 Nc6 6. cxd4 d6 7. Bc4 Nb6 8. Bb3 e6 9. 0-0 dxe5 10. dxe5 Qxd1 11. Rxd1 Be7 12. Nc3 0-0 13. Bf4 Bd7 14. a3 Rfd8 15. Rd2 Na5 16. Ba2 Nac4 17. Re2 Bc6 18. Ng5 Rd4 19. Nge4 h6 20. Rae1 Rad8 21. Bb1 Nd5 22. Bg3 b5 23. Nxd5 Bxd5 24. Nc3 Bc6 25. f3 Rd2 26. Bf4 Rxb2 0-1

[Event "Budapest FS05 FM-B"]
[Site "Budapest"]
[Date "2007.05.09"]
[Round "5"]
[White "Hirstel, Serge"]
[Black "Dobos, Otto"]
[Result "1/2-1/2"]
[WhiteElo "1950"]
[BlackElo "1869"]
[PlyCount "59"]
[EventDate "2007.05.05"]
[EventType "tourn"]
[EventRounds "10"]
[EventCountry "HUN"]
[SourceTitle "CBM 118 Extra"]
[Source "ChessBase"]
[SourceDate "2007.07.04"]
[SourceVersion "1"]
[SourceVersionDate "2007.07.04"]
[SourceQuality "1"]

1. e4 e5 2. Nf3 d6 3. d4 exd4 4. Nxd4 Nf6 5. Nc3 Be7 6. g3 0-0 7. Bg2 a6 8. a4 c5 9. Nde2 Nc6 10. 0-0 Re8 11. h3 h6 12. Nf4 Bf8 13. Re1 Rb8 14. Nfd5 Nxd5 15. Nxd5 Be6 16. Nf4 Bd7 17. c3 b5 18. axb5 axb5 19. b3 b4 20. c4 Qf6 21. Ra2 Qd8 22. Bb2 Ra8 23. Rxa8 Qxa8 24. Nd5 Qd8 25. f4 Ne7 26. Ne3 Ng6 27. Qd2 Qc8 28. Kh2 Bc6 29. Nd5 Qb7 30. Ra1 1/2-1/2

[Event "Budapest FS05 FM-B"]
[Site "Budapest"]
[Date "2007.05.06"]
[Round "2"]
[White "Hirstel, Serge"]
[Black "Henrichsen, Jens"]
[Result "1/2-1/2"]
[WhiteElo "1950"]
[BlackElo "2028"]
[PlyCount "33"]
[EventDate "2007.05.05"]
[EventType "tourn"]
[EventRounds "10"]
[EventCountry "HUN"]
[SourceTitle "CBM 118 Extra"]
[Source "ChessBase"]
[SourceDate "2007.07.04"]
[SourceVersion "1"]
[SourceVersionDate "2007.07.04"]
[SourceQuality "1"]

1. e4 c5 2. c3 d5 3. exd5 Qxd5 4. d4 Nf6 5. Nf3 e6 6. Na3 Nc6 7. Be3 cxd4 8. Nb5 Qd8 9. Nbxd4 Bd7 10. Bd3 Be7 11. 0-0 0-0 12. Nxc6 Bxc6 13. Ne5 Be4 14. Bxe4 Nxe4 15. Qxd8 Rfxd8 16. Rfd1 Bc5 17. Bxc5 1/2-1/2

[Event "Selestat op 14th"]
[Site "Selestat"]
[Date "2007.??.??"]
[Round "1"]
[White "Hirstel, Serge"]
[Black "Boidman, Yuri"]
[Result "0-1"]
[WhiteElo "1940"]
[BlackElo "2435"]
[PlyCount "40"]
[EventDate "2007.03.01"]
[EventType "swiss"]
[EventRounds "7"]
[EventCountry "FRA"]
[SourceTitle "CBM 117 Extra"]
[Source "ChessBase"]
[SourceDate "2007.05.09"]
[SourceVersion "1"]
[SourceVersionDate "2007.05.09"]
[SourceQuality "1"]

1. e4 c5 2. c3 d5 3. exd5 Qxd5 4. d4 e6 5. Nf3 Nf6 6. Na3 a6 7. Be3 cxd4 8. Bxd4 Bxa3 9. Qa4+ Nc6 10. Qxa3 Nxd4 11. cxd4 Qe4+ 12. Be2 Nd5 13. Qd3 Qxd3 14. Bxd3 Nf4 15. Bf1 b5 16. Rc1 Bb7 17. Rc7 Bd5 18. b3 0-0 19. Rg1 Bxf3 20. gxf3 Rfd8 0-1

[Event "Budapest FS09 FM-B"]
[Site "Budapest"]
[Date "2005.09.08"]
[Round "5"]
[White "Lakat, Gyula"]
[Black "Hirstel, Serge"]
[Result "1-0"]
[WhiteElo "1967"]
[BlackElo "1946"]
[PlyCount "63"]
[EventDate "2005.09.04"]
[EventType "tourn"]
[EventRounds "7"]
[EventCountry "HUN"]
[SourceTitle "CBM 108 Extra"]
[Source "ChessBase"]
[SourceDate "2005.11.04"]
[SourceVersion "1"]
[SourceVersionDate "2005.11.04"]
[SourceQuality "1"]

1. d4 Nf6 2. g3 e6 3. Bg2 c5 4. e4 cxd4 5. Qxd4 Nc6 6. Qa4 Bc5 7. c3 a6 8. b4 b5 9. Qd1 Ba7 10. e5 Nd5 11. Bxd5 exd5 12. Nf3 0-0 13. 0-0 d4 14. cxd4 d6 15. a3 Bg4 16. Bb2 dxe5 17. Qd3 Bxf3 18. Qxf3 Nxd4 19. Bxd4 Qxd4 20. Nc3 Rac8 21. Nd5 Rc2 22. Ne7+ Kh8 23. Nc6 Qb6 24. Nxe5 Qc7 25. Rae1 Bd4 26. Nxf7+ Kg8 27. Nh6+ gxh6 28. Qd5+ Qf7 29. Qxd4 Qa2 30. Qg4+ Kh8 31. Re7 Qb2 32. Qe4 1-0

[Event "Budapest FS09 FM-B"]
[Site "Budapest"]
[Date "2005.09.07"]
[Round "4"]
[White "Hirstel, Serge"]
[Black "Palotas, Peter"]
[Result "1/2-1/2"]
[WhiteElo "1946"]
[BlackElo "1841"]
[PlyCount "120"]
[EventDate "2005.09.04"]
[EventType "tourn"]
[EventRounds "7"]
[EventCountry "HUN"]
[SourceTitle "CBM 108 Extra"]
[Source "ChessBase"]
[SourceDate "2005.11.04"]
[SourceVersion "1"]
[SourceVersionDate "2005.11.04"]
[SourceQuality "1"]

1. e4 c5 2. c3 d5 3. exd5 Qxd5 4. d4 Nf6 5. Nf3 Bg4 6. Be2 e6 7. h3 Bh5 8. Na3 a6 9. Qa4+ Nc6 10. 0-0 Be7 11. dxc5 Qxc5 12. Be3 Qa5 13. Qxa5 Nxa5 14. Nc2 Nc6 15. c4 0-0 16. Rfd1 Rfd8 17. Bb6 Rxd1+ 18. Rxd1 Bd8 19. Be3 Bc7 20. Kf1 Kf8 21. Ncd4 Nxd4 22. Bxd4 Ke8 23. Bc3 Rd8 24. Rxd8+ Kxd8 25. g4 Bg6 26. Ne5 Ne4 27. Bd4 f6 28. Nxg6 hxg6 29. b3 g5 30. Bd3 Nd6 31. f3 Kd7 32. b4 Nf7 33. Be4 Nd6 34. Bd3 Nf7 35. c5 Be5 36. Bxe5 Nxe5 37. Be4 Kc7 38. Ke2 b6 39. cxb6+ Kxb6 40. Kd2 Kb5 41. Kc3 g6 42. Kb3 Kb6 43. a4 f5 44. Ba8 Ka7 45. f4 Kxa8 46. fxe5 f4 47. Kc3 Kb7 48. Kd3 Kc6 49. Ke4 Kb6 50. Kf3 Kc6 51. Ke4 a5 52. b5+ Kc5 53. h4 gxh4 54. Kxf4 g5+ 55. Ke4 Kb6 56. Kf3 Kc5 57. Ke4 Kb6 58. Kf3 Kc7 59. Ke4 Kb7 60. Ke3 Kb6 1/2-1/2